000 00526nam a2200229Ia 4500
008 150909s9999 xx 000 0 und d
041 _aEnglish
082 _bBAK/MA
100 _aBaker M J
100 _eAuthor
245 _aMarketing : introductory text
250 _a2nd Ed.
260 _aLondon
260 _bMacmillan press
260 _c1974
300 _a314 Pages
365 _aRs .62 .80
650 _aCommerce
650 _aconsumption
650 _ainternational trade
942 _cBK
999 _c245843
_d245843